[Event "Bundesliga 9900"]
[Site "Deutschland"]
[Date "2000.01.29"]
[Round "8.6"]
[White "Hellsten, Johan"]
[Black "Schaller, Sven"]
[Result "1/2-1/2"]
[WhiteElo "2464"]
[BlackElo "2308"]
[PlyCount "48"]
[EventDate "1999.10.09"]
[EventType "team"]
[EventRounds "15"]
[EventCountry "GER"]
[SourceTitle "Bundesliga 9900"]
[Source "DeepChess"]
[SourceDate "2005.01.01"]
[SourceVersion "1"]
[SourceVersionDate "2005.01.01"]
[SourceQuality "1"]
[WhiteTeam "SF Neukoelln 03 e.V."]
[BlackTeam "SK Koenig Plauen"]
[WhiteTeamCountry "GER"]
[BlackTeamCountry "GER"]

1. d4 Nf6 2. c4 e6 3. Nf3 Bb4+ 4. Nbd2 b6 5. e3 Bb7 6. Bd3 Be4 7. Be2 O-O 8.
O-O Bb7 9. Bd3 d5 10. b3 Nbd7 11. Bb2 Rc8 12. Qe2 Ne4 13. Rac1 Re8 14. Rfd1 Qe7
15. cxd5 exd5 16. Ba6 Bxa6 17. Qxa6 Bxd2 18. Nxd2 Nxf2 19. Kxf2 Qxe3+ 20. Kf1
Nf6 21. Nf3 Ng4 22. Rc2 Qf4 23. Bc1 Nxh2+ 24. Kf2 Qe4 1/2-1/2

[Event "Bundesliga 9900"]
[Site "Deutschland"]
[Date "2000.01.29"]
[Round "8.7"]
[White "Sandner, Gunter"]
[Black "Schoene, Ralf"]
[Result "1/2-1/2"]
[WhiteElo "2361"]
[BlackElo "2385"]
[PlyCount "50"]
[EventDate "1999.10.09"]
[EventType "team"]
[EventRounds "15"]
[EventCountry "GER"]
[SourceTitle "Bundesliga 9900"]
[Source "DeepChess"]
[SourceDate "2005.01.01"]
[SourceVersion "1"]
[SourceVersionDate "2005.01.01"]
[SourceQuality "1"]
[WhiteTeam "SK Koenig Plauen"]
[BlackTeam "SF Neukoelln 03 e.V."]
[WhiteTeamCountry "GER"]
[BlackTeamCountry "GER"]

1. Nf3 Nf6 2. d4 g6 3. g3 Bg7 4. Bg2 O-O 5. O-O d6 6. c4 a6 7. Nc3 Nc6 8. b3
Rb8 9. Nd5 e6 10. Nxf6+ Bxf6 11. Bh6 Re8 12. Rc1 e5 13. d5 Ne7 14. e4 c5 15.
dxc6 bxc6 16. Qd2 Bb7 17. Rfd1 d5 18. cxd5 cxd5 19. exd5 Nf5 20. Bg5 e4 21.
Bxf6 Qxf6 22. Qg5 Qb2 23. Qd2 Qf6 24. Qg5 Qb2 25. Qd2 Qf6 1/2-1/2

[Event "Bundesliga 9900"]
[Site "Deutschland"]
[Date "2000.01.29"]
[Round "8.8"]
[White "Rudolf, Henrik"]
[Black "Kuraszkiewicz, Michael"]
[Result "1/2-1/2"]
[WhiteElo "2308"]
[BlackElo "2337"]
[PlyCount "67"]
[EventDate "1999.10.09"]
[EventType "team"]
[EventRounds "15"]
[EventCountry "GER"]
[SourceTitle "Bundesliga 9900"]
[Source "DeepChess"]
[SourceDate "2005.01.01"]
[SourceVersion "1"]
[SourceVersionDate "2005.01.01"]
[SourceQuality "1"]
[WhiteTeam "SF Neukoelln 03 e.V."]
[BlackTeam "SK Koenig Plauen"]
[WhiteTeamCountry "GER"]
[BlackTeamCountry "GER"]

1. e4 e6 2. d4 d5 3. Nc3 Nf6 4. e5 Nfd7 5. f4 c5 6. Nf3 a6 7. Be3 Qb6 8. Na4
Qa5+ 9. c3 cxd4 10. b4 Qc7 11. Qxd4 Nc6 12. Qd2 b5 13. Nb2 f6 14. exf6 Nxf6 15.
Bd3 Bd6 16. O-O O-O 17. a4 Rb8 18. axb5 axb5 19. Nd4 Ne4 20. Bxe4 dxe4 21. Rad1
Rd8 22. Qf2 Ne7 23. Ne2 Nd5 24. Bd4 Rf8 25. Qg3 Ra8 26. Be5 Ra2 27. Bxd6 Qxd6
28. Rd2 Qc7 29. f5 e3 30. Qxc7 Nxc7 31. Rc2 exf5 32. Nc1 Ra1 33. Ne2 Rxf1+ 34.
Kxf1 1/2-1/2

[Event "Bundesliga 9900"]
[Site "Deutschland"]
[Date "2000.01.29"]
[Round "8.1"]
[White "Lutz, Christopher"]
[Black "Jussupow, Artur"]
[Result "1/2-1/2"]
[WhiteElo "2587"]
[BlackElo "2628"]
[PlyCount "97"]
[EventDate "1999.10.09"]
[EventType "team"]
[EventRounds "15"]
[EventCountry "GER"]
[SourceTitle "Bundesliga 9900"]
[Source "DeepChess"]
[SourceDate "2005.01.01"]
[SourceVersion "1"]
[SourceVersionDate "2005.01.01"]
[SourceQuality "1"]
[WhiteTeam "SG Porz e.V."]
[BlackTeam "SG 1868 Aljech. Solingen"]
[WhiteTeamCountry "GER"]
[BlackTeamCountry "GER"]

1. e4 e5 2. Nf3 Nc6 3. Bb5 a6 4. Ba4 Nf6 5. O-O Be7 6. Re1 b5 7. Bb3 d6 8. c3
O-O 9. h3 Bb7 10. d4 Re8 11. Ng5 Rf8 12. Nf3 Re8 13. Nbd2 Bf8 14. d5 Nb8 15.
Nf1 Nbd7 16. Ng3 Rc8 17. a4 Nc5 18. axb5 axb5 19. Bc2 c6 20. Bg5 cxd5 21. exd5
g6 22. Bd3 Bxd5 23. Bxb5 Bc6 24. Bxc6 Rxc6 25. Nd4 Rb6 26. Bxf6 Qxf6 27. b4 Ne6
28. Ne4 Qe7 29. Nxe6 Qxe6 30. Qd5 Be7 31. Qxe6 fxe6 32. Ra7 d5 33. Nc5 e4 34.
Rea1 Bxc5 35. bxc5 Rc6 36. Rb7 Rxc5 37. Raa7 Rxc3 38. Rg7+ Kh8 39. Rxh7+ Kg8
40. Rhg7+ Kh8 41. Rxg6 e3 42. fxe3 Rxe3 43. h4 Re4 44. h5 Rf8 45. Rh6+ Kg8 46.
Rg6+ Kh8 47. Rgg7 Rf5 48. Rh7+ Kg8 49. Rhg7+ 1/2-1/2

[Event "Bundesliga 9900"]
[Site "Deutschland"]
[Date "2000.01.29"]
[Round "8.2"]
[White "Sadler, Matthew"]
[Black "Khalifman, Alexander"]
[Result "1-0"]
[WhiteElo "2630"]
[BlackElo "2656"]
[PlyCount "79"]
[EventDate "1999.10.09"]
[EventType "team"]
[EventRounds "15"]
[EventCountry "GER"]
[SourceTitle "Bundesliga 9900"]
[Source "DeepChess"]
[SourceDate "2005.01.01"]
[SourceVersion "1"]
[SourceVersionDate "2005.01.01"]
[SourceQuality "1"]
[WhiteTeam "SG 1868 Aljech. Solingen"]
[BlackTeam "SG Porz e.V."]
[WhiteTeamCountry "GER"]
[BlackTeamCountry "GER"]

1. d4 Nf6 2. c4 e6 3. Nc3 Bb4 4. e3 c5 5. Nge2 cxd4 6. exd4 d5 7. c5 O-O 8. a3
Bxc3+ 9. Nxc3 Nc6 10. Be2 e5 11. dxe5 Nxe5 12. Be3 Nc4 13. Bg5 Nxb2 14. Qd4 Be6
15. O-O h6 16. Bh4 Nc4 17. f4 Na5 18. f5 Nb3 19. Qe5 Nxa1 20. fxe6 fxe6 21.
Qxe6+ Kh8 22. Rxa1 d4 23. Nb5 d3 24. Bf3 Qe8 25. Qxe8 Raxe8 26. Rd1 g5 27. Bf2
Ne4 28. Bd4+ Kh7 29. Nc7 Re7 30. Nd5 Re6 31. Bxe4+ Rxe4 32. Nf6+ Rxf6 33. Bxf6
Kg6 34. Bc3 Ra4 35. Bb2 Rc4 36. Rxd3 Rxc5 37. Rd6+ Kf5 38. Rxh6 Ke4 39. Re6+
Kf4 40. Kf2 1-0

[Event "Bundesliga 9900"]
[Site "Deutschland"]
[Date "2000.01.29"]
[Round "8.3"]
[White "Vaganian, Rafael A"]
[Black "Huebner, Robert"]
[Result "1/2-1/2"]
[WhiteElo "2618"]
[BlackElo "2620"]
[PlyCount "51"]
[EventDate "1999.10.09"]
[EventType "team"]
[EventRounds "15"]
[EventCountry "GER"]
[SourceTitle "Bundesliga 9900"]
[Source "DeepChess"]
[SourceDate "2005.01.01"]
[SourceVersion "1"]
[SourceVersionDate "2005.01.01"]
[SourceQuality "1"]
[WhiteTeam "SG Porz e.V."]
[BlackTeam "SG 1868 Aljech. Solingen"]
[WhiteTeamCountry "GER"]
[BlackTeamCountry "GER"]

1. Nf3 Nf6 2. g3 b5 3. Bg2 Bb7 4. Na3 a6 5. c4 c6 6. O-O e6 7. b3 d5 8. Bb2
Nbd7 9. cxd5 cxd5 10. Nc2 Be7 11. d3 O-O 12. Qd2 Qb6 13. Rfc1 Rfc8 14. b4 a5
15. Bd4 Qa6 16. a3 axb4 17. axb4 Qd6 18. Rxa8 Rxa8 19. Ra1 Ne8 20. Rxa8 Bxa8
21. Qc3 Qc6 22. Qxc6 Bxc6 23. Ba7 Nc7 24. Nfd4 Bb7 25. Kf1 Na6 26. Nxb5 1/2-1/2

[Event "Bundesliga 9900"]
[Site "Deutschland"]
[Date "2000.01.29"]
[Round "8.4"]
[White "Kasimdzhanov, Rustam"]
[Black "Andersson, Ulf"]
[Result "1/2-1/2"]
[WhiteElo "2614"]
[BlackElo "2625"]
[PlyCount "27"]
[EventDate "1999.10.09"]
[EventType "team"]
[EventRounds "15"]
[EventCountry "GER"]
[SourceTitle "Bundesliga 9900"]
[Source "DeepChess"]
[SourceDate "2005.01.01"]
[SourceVersion "1"]
[SourceVersionDate "2005.01.01"]
[SourceQuality "1"]
[WhiteTeam "SG 1868 Aljech. Solingen"]
[BlackTeam "SG Porz e.V."]
[WhiteTeamCountry "GER"]
[BlackTeamCountry "GER"]

1. d4 Nf6 2. c4 e6 3. Nf3 Bb4+ 4. Bd2 Bxd2+ 5. Nbxd2 d6 6. e4 O-O 7. Bd3 Nc6 8.
O-O e5 9. d5 Ne7 10. Re1 Ng6 11. b4 h6 12. Bf1 Nh7 13. c5 f5 14. Rc1 1/2-1/2

[Event "Bundesliga 9900"]
[Site "Deutschland"]
[Date "2000.01.29"]
[Round "8.5"]
[White "Hansen, Curt"]
[Black "Lobron, Eric"]
[Result "1-0"]
[WhiteElo "2618"]
[BlackElo "2550"]
[PlyCount "43"]
[EventDate "1999.10.09"]
[EventType "team"]
[EventRounds "15"]
[EventCountry "GER"]
[SourceTitle "Bundesliga 9900"]
[Source "DeepChess"]
[SourceDate "2005.01.01"]
[SourceVersion "1"]
[SourceVersionDate "2005.01.01"]
[SourceQuality "1"]
[WhiteTeam "SG Porz e.V."]
[BlackTeam "SG 1868 Aljech. Solingen"]
[WhiteTeamCountry "GER"]
[BlackTeamCountry "GER"]

1. c4 e6 2. Nc3 Bb4 3. Qb3 c5 4. Nb5 Nf6 5. a3 Ba5 6. Nd6+ Ke7 7. Nxc8+ Qxc8 8.
g3 Nc6 9. Nf3 Rb8 10. Bg2 a6 11. O-O b5 12. d3 d6 13. Rd1 Rd8 14. Qc2 h6 15. b3
Rd7 16. Bb2 Bd8 17. d4 cxd4 18. c5 dxc5 19. Qxc5+ Rd6 20. Nxd4 Nxd4 21. Bxd4
Kd7 22. Qxd6+ 1-0

[Event "Bundesliga 9900"]
[Site "Deutschland"]
[Date "2000.01.29"]
[Round "8.8"]
[White "Schaefer, Markus"]
[Black "Van den Doel, Erik"]
[Result "1/2-1/2"]
[WhiteElo "2390"]
[BlackElo "2522"]
[PlyCount "93"]
[EventDate "1999.10.09"]
[EventType "team"]
[EventRounds "15"]
[EventCountry "GER"]
[SourceTitle "Bundesliga 9900"]
[Source "DeepChess"]
[SourceDate "2005.01.01"]
[SourceVersion "1"]
[SourceVersionDate "2005.01.01"]
[SourceQuality "1"]
[WhiteTeam "SG 1868 Aljech. Solingen"]
[BlackTeam "SG Porz e.V."]
[WhiteTeamCountry "GER"]
[BlackTeamCountry "GER"]

1. e4 e5 2. Nf3 Nc6 3. c3 Nf6 4. d4 exd4 5. e5 Ne4 6. Qe2 f5 7. exf6 d5 8. Nbd2
Qxf6 9. Nxe4 dxe4 10. Qxe4+ Qe6 11. Bd3 dxc3 12. O-O Qxe4 13. Bxe4 Bb4 14. bxc3
Bxc3 15. Rb1 O-O 16. Be3 Re8 17. Bd5+ Be6 18. Bxe6+ Rxe6 19. Rxb7 Ba5 20. Rb3
Bb6 21. Rc1 Rae8 22. Kf1 Ne5 23. Bxb6 cxb6 24. g3 Nd7 25. Nd4 Rd6 26. Nf3 Nc5
27. Rbc3 h6 28. Re1 Rde6 29. Rxe6 Rxe6 30. Nd2 Kf7 31. Nc4 Ke7 32. Ne3 Re4 33.
Ra3 Ra4 34. Rxa4 Nxa4 35. Nf5+ Kf6 36. Nd6 Ke6 37. Nb5 a5 38. Ke2 Kd5 39. Kd3
Nc5+ 40. Ke3 Kc4 41. Nd6+ Kc3 42. f4 a4 43. a3 Kb3 44. Nb5 Kc4 45. Nd6+ Kb3 46.
Nb5 Kc4 47. Nd6+ 1/2-1/2

[Event "Bundesliga 9900"]
[Site "Deutschland"]
[Date "2000.01.30"]
[Round "9.3"]
[White "Baburin, Alexander"]
[Black "King, Daniel J"]
[Result "1-0"]
[WhiteElo "2591"]
[BlackElo "2514"]
[PlyCount "93"]
[EventDate "1999.10.09"]
[EventType "team"]
[EventRounds "15"]
[EventCountry "GER"]
[SourceTitle "Bundesliga 9900"]
[Source "DeepChess"]
[SourceDate "2005.01.01"]
[SourceVersion "1"]
[SourceVersionDate "2005.01.01"]
[SourceQuality "1"]
[WhiteTeam "Delmenhorster SK 1931"]
[BlackTeam "SV Castrop Rauxel 1923"]
[WhiteTeamCountry "GER"]
[BlackTeamCountry "GER"]

1. d4 e6 2. c4 Bb4+ 3. Bd2 Bxd2+ 4. Qxd2 d5 5. Nf3 Nf6 6. Nc3 O-O 7. e3 Qe7 8.
Bd3 dxc4 9. Bxc4 c5 10. O-O Rd8 11. Qe2 Nc6 12. Rad1 Bd7 13. a3 Be8 14. Rfe1
Rac8 15. h3 Kf8 16. Ba2 h6 17. d5 exd5 18. Nxd5 Nxd5 19. Rxd5 Rxd5 20. Bxd5 Bd7
21. Rd1 Be6 22. Bxe6 Qxe6 23. Qc2 Ne7 24. Qxc5 a6 25. Qc7 Qc6 26. Rd8+ Rxd8 27.
Qxd8+ Qe8 28. Qxe8+ Kxe8 29. Kf1 Kd7 30. Ke2 Kd6 31. Kd3 g5 32. Nd4 f5 33. g4
fxg4 34. hxg4 Ke5 35. f4+ gxf4 36. Nf3+ Kd5 37. exf4 Ng8 38. Ne5 Nf6 39. Ke3 a5
40. Kf3 a4 41. Nf7 Ng8 42. f5 Kc4 43. Kf4 Kd5 44. Nd8 b5 45. Nf7 b4 46. axb4
Kc4 47. Nxh6 1-0

[Event "Bundesliga 9900"]
[Site "Deutschland"]
[Date "2000.01.30"]
[Round "9.4"]
[White "Gallagher, Joseph G"]
[Black "Gisbrecht, Ewgeni"]
[Result "1-0"]
[WhiteElo "2558"]
[BlackElo "2422"]
[PlyCount "67"]
[EventDate "1999.10.09"]
[EventType "team"]
[EventRounds "15"]
[EventCountry "GER"]
[SourceTitle "Bundesliga 9900"]
[Source "DeepChess"]
[SourceDate "2005.01.01"]
[SourceVersion "1"]
[SourceVersionDate "2005.01.01"]
[SourceQuality "1"]
[WhiteTeam "SV Castrop Rauxel 1923"]
[BlackTeam "Delmenhorster SK 1931"]
[WhiteTeamCountry "GER"]
[BlackTeamCountry "GER"]

1. e4 c5 2. Nf3 Nf6 3. e5 Nd5 4. Nc3 Nxc3 5. dxc3 Nc6 6. Bf4 e6 7. Qe2 h6 8.
O-O-O Qc7 9. Nd2 b6 10. Qe3 Ne7 11. Nc4 Nf5 12. Qh3 Ba6 13. Nd6+ Nxd6 14. Bxa6
Nf5 15. Qf3 Rd8 16. Bb5 Be7 17. Rxd7 Rxd7 18. Rd1 Nd4 19. Qa8+ Bd8 20. cxd4 O-O
21. Bxd7 Qxd7 22. dxc5 Qa4 23. Rxd8 Qxf4+ 24. Kd1 Rxd8+ 25. Qxd8+ Kh7 26. c6
Qxf2 27. c7 Qf1+ 28. Kd2 Qxg2+ 29. Ke3 Qg1+ 30. Kd3 Qd1+ 31. Kc3 Qe1+ 32. Kb3
a5 33. a3 a4+ 34. Ka2 1-0

[Event "Bundesliga 9900"]
[Site "Deutschland"]
[Date "2000.01.30"]
[Round "9.5"]
[White "Borik, Otto"]
[Black "Seul, Georg"]
[Result "1/2-1/2"]
[WhiteElo "2416"]
[BlackElo "2436"]
[PlyCount "165"]
[EventDate "1999.10.09"]
[EventType "team"]
[EventRounds "15"]
[EventCountry "GER"]
[SourceTitle "Bundesliga 9900"]
[Source "DeepChess"]
[SourceDate "2005.01.01"]
[SourceVersion "1"]
[SourceVersionDate "2005.01.01"]
[SourceQuality "1"]
[WhiteTeam "Delmenhorster SK 1931"]
[BlackTeam "SV Castrop Rauxel 1923"]
[WhiteTeamCountry "GER"]
[BlackTeamCountry "GER"]

1. d4 Nf6 2. Nf3 e6 3. g3 c5 4. Bg2 Qa5+ 5. Nbd2 cxd4 6. O-O Be7 7. Nxd4 O-O 8.
N2b3 Qa4 9. e4 d6 10. Re1 Nbd7 11. c3 Nb6 12. Nc2 Rd8 13. Nbd4 Qc4 14. Be3 Bd7
15. Na3 Qa4 16. Nac2 Nc4 17. Bc1 Qa5 18. b3 Ne5 19. c4 Be8 20. Bb2 a6 21. a4
Rac8 22. Ne3 Nc6 23. Rc1 Nxd4 24. Bxd4 b5 25. axb5 axb5 26. Ra1 Qb4 27. Bb6 Rd7
28. Ba5 Qc5 29. b4 Qa7 30. cxb5 Qb8 31. b6 Bd8 32. Qd4 Rb7 33. Qd3 Bxb6 34. e5
dxe5 35. Bxb7 Qxb7 36. Bxb6 Qxb6 37. Qa6 Qc7 38. Rac1 Qxc1 39. Rxc1 Rxc1+ 40.
Kg2 g5 41. Nc4 e4 42. Ne5 Rb1 43. Qd6 h6 44. Qd4 Nd5 45. Ng4 Rxb4 46. Nf6+ Nxf6
47. Qxb4 Kg7 48. Qc4 Kg6 49. h3 Bd7 50. Qc5 Ba4 51. Kf1 Bd1 52. Ke1 Bf3 53. Qe5
Bg2 54. h4 Bf3 55. Qb8 Kg7 56. hxg5 hxg5 57. Kd2 Bh5 58. Kc3 Bg4 59. Kd4 Bf5
60. Qd8 Bg6 61. Kc5 Bf5 62. Qd4 Kg6 63. Kd6 Nd5 64. Qe5 Kh5 65. Qb2 Kg4 66.
Qe2+ Kh3 67. Ke5 f6+ 68. Kd6 g4 69. Kd7 e3 70. fxe3 Nc3 71. Qf1+ Kh2 72. Qf2+
Kh3 73. Qg1 Ne4 74. Ke7 Nxg3 75. Kxf6 Ne4+ 76. Ke5 g3 77. Qh1+ Kg4 78. Qd1+ Kh3
79. Kf4 Kh2 80. Qh5+ Kg1 81. Qd1+ Kh2 82. Qh5+ Kg1 83. Qd1+ 1/2-1/2

[Event "Bundesliga 9900"]
[Site "Deutschland"]
[Date "2000.01.30"]
[Round "9.6"]
[White "Bosch, Jeroen"]
[Black "Beckemeier, Werner"]
[Result "1/2-1/2"]
[WhiteElo "2415"]
[BlackElo "2374"]
[PlyCount "42"]
[EventDate "1999.10.09"]
[EventType "team"]
[EventRounds "15"]
[EventCountry "GER"]
[SourceTitle "Bundesliga 9900"]
[Source "DeepChess"]
[SourceDate "2005.01.01"]
[SourceVersion "1"]
[SourceVersionDate "2005.01.01"]
[SourceQuality "1"]
[WhiteTeam "SV Castrop Rauxel 1923"]
[BlackTeam "Delmenhorster SK 1931"]
[WhiteTeamCountry "GER"]
[BlackTeamCountry "GER"]

1. e4 e5 2. Nf3 Nc6 3. Bc4 Bc5 4. d3 d6 5. Nc3 h6 6. Be3 Nf6 7. Bxc5 dxc5 8.
Bb5 Qd6 9. Bxc6+ bxc6 10. Nd2 Bg4 11. Qc1 Be6 12. O-O O-O 13. b3 Nh5 14. Ne2 g5
15. Nc4 Bxc4 16. bxc4 Rfb8 17. Rb1 Rb6 18. Rb3 Ng7 19. Ng3 Ne6 20. Nf5 Nd4 21.
Nxd4 cxd4 1/2-1/2

[Event "Bundesliga 9900"]
[Site "Deutschland"]
[Date "2000.01.30"]
[Round "9.7"]
[White "Breutigam, Martin"]
[Black "Watson, William N"]
[Result "0-1"]
[WhiteElo "2343"]
[BlackElo "2535"]
[PlyCount "82"]
[EventDate "1999.10.09"]
[EventType "team"]
[EventRounds "15"]
[EventCountry "GER"]
[SourceTitle "Bundesliga 9900"]
[Source "DeepChess"]
[SourceDate "2005.01.01"]
[SourceVersion "1"]
[SourceVersionDate "2005.01.01"]
[SourceQuality "1"]
[WhiteTeam "Delmenhorster SK 1931"]
[BlackTeam "SV Castrop Rauxel 1923"]
[WhiteTeamCountry "GER"]
[BlackTeamCountry "GER"]

1. d4 d6 2. e4 g6 3. Nc3 Bg7 4. Nf3 Nf6 5. Be3 O-O 6. Qd2 e5 7. O-O-O Qe7 8.
Bh6 Bg4 9. d5 Bxh6 10. Qxh6 Bxf3 11. gxf3 Nh5 12. f4 Nxf4 13. h4 Qf6 14. h5 Qg7
15. hxg6 Qxh6 16. Rxh6 fxg6 17. Rh2 a6 18. Be2 Nxe2+ 19. Nxe2 Nd7 20. Rdh1 Rf7
21. Ng1 Nf6 22. f3 Nh5 23. Rd2 Raf8 24. b4 Ng3 25. Rh4 Rf4 26. Rxf4 Rxf4 27.
Kb2 Rh4 28. a4 Rh1 29. Rg2 Nh5 30. Ne2 Rf1 31. c4 Rxf3 32. a5 Re3 33. Nc3 Ng3
34. c5 Nxe4 35. Nxe4 Rxe4 36. Kb3 dxc5 37. bxc5 Rd4 38. Rb2 Rxd5 39. Kc4 Rd4+
40. Kc3 Rd1 41. Kc4 c6 0-1

[Event "Bundesliga 9900"]
[Site "Deutschland"]
[Date "2000.01.30"]
[Round "9.8"]
[White "Lemmers, Oscar"]
[Black "Dornieden, Manfred"]
[Result "1-0"]
[WhiteElo "2415"]
[BlackElo "2249"]
[PlyCount "81"]
[EventDate "1999.10.09"]
[EventType "team"]
[EventRounds "15"]
[EventCountry "GER"]
[SourceTitle "Bundesliga 9900"]
[Source "DeepChess"]
[SourceDate "2005.01.01"]
[SourceVersion "1"]
[SourceVersionDate "2005.01.01"]
[SourceQuality "1"]
[WhiteTeam "SV Castrop Rauxel 1923"]
[BlackTeam "Delmenhorster SK 1931"]
[WhiteTeamCountry "GER"]
[BlackTeamCountry "GER"]

1. e4 g6 2. d4 Bg7 3. Nc3 d6 4. Nf3 Nf6 5. Be2 O-O 6. O-O Nfd7 7. Bg5 c5 8. d5
h6 9. Bf4 b6 10. Qd2 Kh7 11. a4 Ba6 12. Bb5 Bxb5 13. axb5 a5 14. Rfe1 Ne5 15.
Bxe5 Bxe5 16. Nxe5 dxe5 17. Nd1 Qc7 18. Ne3 Nd7 19. Nc4 Rad8 20. Rad1 Nb8 21.
Qc3 f6 22. Rd2 Rd6 23. Nxd6 exd6 24. Qc4 Qf7 25. c3 Nd7 26. b4 axb4 27. cxb4 f5
28. exf5 Qxf5 29. Ra2 Rf7 30. f3 cxb4 31. Qxb4 Nc5 32. Rea1 e4 33. fxe4 Nxe4
34. Qd4 Nc5 35. Rf2 Qxf2+ 36. Qxf2 Rxf2 37. Ra7+ Kg8 38. Kxf2 Ne4+ 39. Ke3 Nc3
40. Ra8+ Kf7 41. Kd4 1-0

[Event "Bundesliga 9900"]
[Site "Deutschland"]
[Date "2000.01.30"]
[Round "9.1"]
[White "Movsesian, Sergei"]
[Black "Tischbierek, Raj"]
[Result "1-0"]
[WhiteElo "2668"]
[BlackElo "2526"]
[PlyCount "85"]
[EventDate "1999.10.09"]
[EventType "team"]
[EventRounds "15"]
[EventCountry "GER"]
[SourceTitle "Bundesliga 9900"]
[Source "DeepChess"]
[SourceDate "2005.01.01"]
[SourceVersion "1"]
[SourceVersionDate "2005.01.01"]
[SourceQuality "1"]
[WhiteTeam "SF Neukoelln 03 e.V."]
[BlackTeam "Dresdner SC 1898"]
[WhiteTeamCountry "GER"]
[BlackTeamCountry "GER"]

1. e4 c5 2. Nf3 Nc6 3. d4 cxd4 4. Nxd4 Nf6 5. Nc3 d6 6. f3 e5 7. Nb3 Be6 8. Be3
Be7 9. Nd5 Bxd5 10. exd5 Nb8 11. Qd2 Nbd7 12. Be2 O-O 13. O-O Qc8 14. Na5 Bd8
15. Nc4 Qb8 16. a4 Nb6 17. Bxb6 Bxb6+ 18. Kh1 Bd8 19. f4 exf4 20. Rxf4 Qc7 21.
Raf1 Ne8 22. R4f3 h6 23. Bd3 Bg5 24. Qf2 Qe7 25. Re1 Qd8 26. Qd4 Bf6 27. Qe3 a6
28. Ref1 Rc8 29. Rg3 Bg5 30. Qe4 g6 31. Rgf3 Ng7 32. Qe1 f5 33. Qb4 b5 34. axb5
axb5 35. Na5 Qb6 36. Nc6 Qc5 37. Qxc5 dxc5 38. Bxb5 Ne8 39. Ne5 Kg7 40. Ra3 Rc7
41. Nc4 Nf6 42. d6 Rb7 43. Bc6 1-0

[Event "Bundesliga 9900"]
[Site "Deutschland"]
[Date "2000.01.30"]
[Round "9.2"]
[White "Borriss, Martin"]
[Black "Bunzmann, Dimitrij"]
[Result "0-1"]
[WhiteElo "2440"]
[BlackElo "2502"]
[PlyCount "134"]
[EventDate "1999.10.09"]
[EventType "team"]
[EventRounds "15"]
[EventCountry "GER"]
[SourceTitle "Bundesliga 9900"]
[Source "DeepChess"]
[SourceDate "2005.01.01"]
[SourceVersion "1"]
[SourceVersionDate "2005.01.01"]
[SourceQuality "1"]
[WhiteTeam "Dresdner SC 1898"]
[BlackTeam "SF Neukoelln 03 e.V."]
[WhiteTeamCountry "GER"]
[BlackTeamCountry "GER"]

1. e4 e6 2. d4 d5 3. Nc3 Nf6 4. e5 Nfd7 5. f4 c5 6. Nf3 Nc6 7. Be3 cxd4 8. Nxd4
Bc5 9. Qd2 O-O 10. O-O-O a6 11. Kb1 Nxd4 12. Bxd4 b5 13. Bxc5 Nxc5 14. Qd4 Qb6
15. Bd3 b4 16. Ne2 Rb8 17. Rc1 a5 18. g4 Ne4 19. Bxe4 dxe4 20. Rhd1 Ba6 21.
Qxe4 Bb7 22. Qd3 Rfd8 23. Nd4 Rd5 24. Ka1 Rbd8 25. c3 a4 26. Qe2 Ba6 27. Qe1 a3
28. Nb3 axb2+ 29. Kxb2 bxc3+ 30. Kxc3 Bc4 31. Kb2 Rxd1 32. Rxd1 Ra8 33. Qd2 Bd5
34. Rb1 Qa6 35. Ka1 Qa4 36. Nc1 h6 37. Rb4 Qa6 38. Qb2 Qf1 39. Rb8+ Rxb8 40.
Qxb8+ Kh7 41. Qb1+ g6 42. Nd3 Qf3 43. Kb2 Qxg4 44. Kc3 Qe2 45. h4 Qh2 46. Qb4
Kg8 47. Qb8+ Kg7 48. Qd8 Qxa2 49. Qf6+ Kg8 50. Qd8+ Kg7 51. Qf6+ Kg8 52. Qd8+
Kh7 53. Qe7 Qa5+ 54. Kd4 Kg8 55. Qe8+ Kg7 56. Qe7 Qa4+ 57. Kc3 Qc4+ 58. Kd2 Be4
59. Nc5 Bc6 60. Qf6+ Kg8 61. Qd8+ Kh7 62. Qf6 Qb4+ 63. Ke2 Bb5+ 64. Nd3 Qe4+
65. Kf2 Qd4+ 66. Kg2 Bc6+ 67. Kh2 Kg8 0-1

[Event "Bundesliga 9900"]
[Site "Deutschland"]
[Date "2000.01.30"]
[Round "9.3"]
[White "Stohl, Igor"]
[Black "Maiwald, Jens Uwe"]
[Result "1-0"]
[WhiteElo "2586"]
[BlackElo "2524"]
[PlyCount "81"]
[EventDate "1999.10.09"]
[EventType "team"]
[EventRounds "15"]
[EventCountry "GER"]
[SourceTitle "Bundesliga 9900"]
[Source "DeepChess"]
[SourceDate "2005.01.01"]
[SourceVersion "1"]
[SourceVersionDate "2005.01.01"]
[SourceQuality "1"]
[WhiteTeam "SF Neukoelln 03 e.V."]
[BlackTeam "Dresdner SC 1898"]
[WhiteTeamCountry "GER"]
[BlackTeamCountry "GER"]

1. Nf3 d6 2. d4 Bg4 3. c4 Nd7 4. Nc3 Bxf3 5. exf3 g6 6. Be3 Bg7 7. Be2 Ngf6 8.
O-O O-O 9. Qb3 Rb8 10. d5 c5 11. Qc2 a6 12. a4 Nb6 13. Rfd1 Qc8 14. h3 Re8 15.
f4 Na8 16. g4 Nc7 17. f5 Kh8 18. g5 Nd7 19. Kg2 gxf5 20. Qxf5 Ne5 21. Qxc8
Rbxc8 22. h4 Ng6 23. Bg4 Rcd8 24. h5 Ne5 25. Be2 Kg8 26. Rab1 e6 27. dxe6 Nxe6
28. Nd5 Nd4 29. Bxd4 cxd4 30. f4 Nd7 31. Bd3 Nc5 32. b3 Re6 33. h6 Bh8 34. Rd2
f6 35. Bf5 Ree8 36. g6 hxg6 37. Bxg6 Re6 38. f5 Re4 39. Kf3 Rh4 40. h7+ Kf8 41.
Re1 1-0

[Event "Bundesliga 9900"]
[Site "Deutschland"]
[Date "2000.01.30"]
[Round "9.4"]
[White "Uhlmann, Wolfgang"]
[Black "Berndt, Stephan"]
[Result "1/2-1/2"]
[WhiteElo "2482"]
[BlackElo "2500"]
[PlyCount "46"]
[EventDate "1999.10.09"]
[EventType "team"]
[EventRounds "15"]
[EventCountry "GER"]
[SourceTitle "Bundesliga 9900"]
[Source "DeepChess"]
[SourceDate "2005.01.01"]
[SourceVersion "1"]
[SourceVersionDate "2005.01.01"]
[SourceQuality "1"]
[WhiteTeam "Dresdner SC 1898"]
[BlackTeam "SF Neukoelln 03 e.V."]
[WhiteTeamCountry "GER"]
[BlackTeamCountry "GER"]

1. c4 e5 2. Nc3 Nc6 3. Nf3 g6 4. d4 exd4 5. Nxd4 Bg7 6. Nxc6 bxc6 7. g3 Ne7 8.
Bg2 d6 9. h4 h6 10. Bf4 O-O 11. Qd2 Kh7 12. Rd1 Be6 13. c5 d5 14. O-O d4 15.
Qc2 Qb8 16. Ne4 Nd5 17. h5 Bf5 18. Bc1 Qb5 19. Bf3 Rae8 20. Qd3 Nb4 21. Qb1 Nd5
22. Qd3 Nb4 23. Qb1 Nd5 1/2-1/2